Deportistas mejor pagados del mundo - Estadísticas

Estadísticas generales
  • Esta prueba ha sido intentada 223 veces
  • La puntuación promedio es 5 de 10
Estadísticas de respuestas
Respuesta % Correcto
80m Cristiano Ronaldo
99%
74m Leo Messi
99%
65m Lebron James
69%
50,6m Tiger Woods
51%
67m Roger Federer
49%
300m Floyd Mayweather
34%
49,5m Kobe Bryant
21%
54m Kevin Durant
19%
160m Manny Pacquiao
17%
50,8m Phil Mickelson
2%
No se encontraron pruebas coincidentes
Distribución de puntuación
Porcentaje de gente con cada puntuación
Porcentaje por número respondido
Historial de tus puntuaciones
No has intentado esta prueba.